El Corsario Negro /

Como Sandokán, el Corsario Negro es un gran vengador de los mares. Pero esta vez, la fantasía de Emilio Salgari se mueve en el Caribe, en el siglo XVII, entre los abordajes en el mar y las grandes batallas que libraron los filibusteros contra los españoles. En medio de esta historia tenebrosa hay ta...

Descripción completa

Guardado en:
Autor Principal: Salgari, Emilio.
Otros Autores: Olivetti, Ariel; il., Palermo, Miguel A.; adapt.
Formato: Libro
Idioma:Undetermined
Publicado: Barcelona : Arte Gráfico, 2000.
Series:Grandes clásicos - Genios ; 25
Materias:
Etiquetas: Agregar Etiqueta
Sin Etiquetas, Sea el primero en etiquetar este registro!
LEADER 01046nam a22002175a 4500
001 CEM.cems021045
008 240418s2000####sp############000#0#und#d
005 20240418140532.0
245 1 0 |a El Corsario Negro /  |c Emilio Salgari ; ilustrado por Ariel Olivetti ; adaptado por Miguel A. Palermo. 
260 |a Barcelona :  |b Arte Gráfico,  |c 2000. 
300 |a 46 p. 
490 1 |a Grandes clásicos - Genios ;  |v 25 
520 |a Como Sandokán, el Corsario Negro es un gran vengador de los mares. Pero esta vez, la fantasía de Emilio Salgari se mueve en el Caribe, en el siglo XVII, entre los abordajes en el mar y las grandes batallas que libraron los filibusteros contra los españoles. En medio de esta historia tenebrosa hay también un amor imposible. 
020 |a 9507820833 
100 1 |a Salgari, Emilio. 
700 1 |a Olivetti, Ariel; il. 
700 1 |a Palermo, Miguel A.; adapt. 
653 |a Novela juvenil 
653 |a Literatura juvenil 
653 |a Literatura italiana 
859 |a CEMS  |b BIB. CEMS - Inicial y Primaria  |h 853.9  |i Sa329-2  |k IP  |p 6547  |t Ej.1